Statystyki dla Wszystkie Stolice Ameryki Północnej

Kliknij tutaj aby rozwiązać quiz!

Ogólne statystyki

  • Ten quiz został rozwiązany 340 razy
  • Średni wynik to 17 z 23

Odpowiedzi na mapie

Odpowiedzi skodowane kolorowo w zielono-czerwonej skali na mapie do tego quizu, zgodnie z poniższymi procentami.
 

Statystyki odpowiedzi

KrajStolica% Poprawnych
Stany ZjednoczoneWaszyngton
100%
MeksykMeksyk
98%
KanadaOttawa
98%
PanamaPanama
92%
GwatemalaGwatemala
87%
KubaHawana
87%
JamajkaKingston
80%
Saint Vincent i GrenadynyKingstown
80%
SalwadorSan Salvador
80%
DominikanaSanto Domingo
80%
KostarykaSan Jose
77%
HaitiPort-au-Prince
73%
BahamyNassau
67%
BelizeBelmopan
66%
NikaraguaManagua
65%
Trynidad i TobagoPort-of-Spain
64%
Antigua i BarbudaSaint John's
60%
HondurasTegucigalpa
60%
BarbadosBridgetown
57%
GrenadaSaint George's
56%
DominikaRoseau
49%
Saint LuciaCastries
46%
Saint Kitts i NevisBasseterre
39%

Rozkład punktacji

Percentyl według liczby udzielonych odpowiedzi

Procent ludzi z każdym wynikiem

Twoja historia wyników

Nie rozwiązałeś tego quizu